[Event "46th POL-ch (w)"]
[Site "Gdansk POL"]
[Date "1994.03.??"]
[Round "13"]
[White "Leszner, Liliana"]
[Black "Henc, Renata"]
[Result "0-1"]
[WhiteElo "2190"]
[BlackElo "2210"]
[EventDate "1994.03.13"]
[PlyCount "108"]

1.f4 d5 2.Nf3 c5 3.b3 Nf6 4.Bb2 e6 5.e3 Nc6 6.Be2 Be7 7.O-O O-O 8.a3 a6 9.
c4 d4 10.exd4 cxd4 11.Bd3 a5 12.Ne5 Qb6 13.Rf3 g6 14.Rh3 Rd8 15.Nxc6 bxc6 
16.Kh1 Bb7 17.a4 Bd6 18.Qf1 c5 19.Be2 Rab8 20.Na3 Be4 21.Nb5 Bf5 22.Rf3 
Ne4 23.Rd3 h5 24.Kg1 Be7 25.Qd1 Bf6 26.g4 hxg4 27.Bxg4 Nf2 28.Kxf2 Bxd3 
29.Qf3 Bf5 30.d3 Bxg4 31.Qxg4 Kg7 32.h4 Rh8 33.Rh1 Rh5 34.Bc1 Rbh8 35.Bd2 
Qc6 36.Qf3 Bxh4+ 37.Ke2 Qxf3+ 38.Kxf3 Bd8 39.Rxh5 Rxh5 40.Nd6 Rh2 41.Be1 
Rb2 42.Nb7 Bb6 43.Bxa5 Bxa5 44.Nxa5 Rd2 45.Ke4 Re2+ 46.Kf3 Re3+ 47.Kf2 
Rxd3 48.Ke2 Re3+ 49.Kd2 e5 50.Nb7 Rxb3 51.Nxc5 Rc3 52.a5 Rxc4 53.Nb3 e4 
54.a6 Ra4 0-1

[Event "46th POL-ch (w)"]
[Site "Gdansk POL"]
[Date "1994.03.??"]
[Round "13"]
[White "Zielinska, Marta"]
[Black "Blimke, Dalia"]
[Result "1-0"]
[WhiteElo "2170"]
[BlackElo "2085"]
[EventDate "1994.03.13"]
[PlyCount "77"]

1.d4 Nf6 2.Nf3 g6 3.c4 Bg7 4.Nc3 O-O 5.e4 d6 6.Be2 e5 7.O-O Nc6 8.d5 Ne7 
9.Nd2 c5 10.a3 Ne8 11.b4 b6 12.Qb3 f5 13.a4 Bh6 14.a5 Bd7 15.Bd3 Kh8 16.
Nf3 Bxc1 17.Rfxc1 h6 18.Qb2 Nf6 19.Nd2 Neg8 20.b5 Ng4 21.f3 Ne3 22.Nf1 
Nxf1 23.Rxf1 Qg5 24.f4 Qf6 25.Ne2 exf4 26.Qxf6+ Nxf6 27.Nxf4 Kg7 28.exf5 
gxf5 29.Ne6+ Bxe6 30.dxe6 Ne4 31.Rxf5 Rxf5 32.Bxe4 Raf8 33.e7 Re5 34.
exf8=Q+ Kxf8 35.Bd5 bxa5 36.Rxa5 Re7 37.Ra6 Rd7 38.Be6 Re7 39.Rxd6 1-0

[Event "46th POL-ch (w)"]
[Site "Gdansk POL"]
[Date "1994.03.??"]
[Round "13"]
[White "Grochot, Czeslawa"]
[Black "Bednarska, Malgorzata"]
[Result "0-1"]
[WhiteElo "2170"]
[BlackElo "2235"]
[EventDate "1994.03.13"]
[PlyCount "78"]

1.e4 c5 2.Nf3 d6 3.d4 cxd4 4.Nxd4 Nf6 5.Nc3 g6 6.Be2 Bg7 7.O-O O-O 8.Bg5 
a6 9.a4 Nc6 10.Nb3 Be6 11.Kh1 Rc8 12.f4 Nb4 13.Nd4 Bc4 14.Qd2 Qb6 15.a5 
Qc5 16.Bxc4 Qxc4 17.Rfe1 Nd7 18.Nde2 Rfe8 19.f5 b5 20.axb6 Nxb6 21.Be3 Qc7
22.Bd4 Nc4 23.Qc1 Ne5 24.Qd2 a5 25.Rad1 Qb7 26.fxg6 hxg6 27.Rf1 Nbc6 28.
Bg1 Qd7 29.Qf4 Qg4 30.Qxg4 Nxg4 31.h3 Nge5 32.Nd5 Rb8 33.b3 Nb4 34.Rc1 Rb7
35.c3 Nbd3 36.Rb1 Reb8 37.b4 axb4 38.cxb4 Nxb4 39.Nxb4 Rxb4 0-1

[Event "46th POL-ch (w)"]
[Site "Gdansk POL"]
[Date "1994.03.??"]
[Round "13"]
[White "Bobrowska, Monika"]
[Black "Guzkowska, Magdalena"]
[Result "0-1"]
[WhiteElo "2165"]
[BlackElo "2105"]
[EventDate "1994.03.13"]
[PlyCount "76"]

1.c4 c5 2.Nc3 b6 3.e4 Bb7 4.g3 g6 5.Bg2 Bg7 6.Nge2 Nc6 7.O-O e6 8.f4 d6 9.
f5 Nf6 10.fxe6 fxe6 11.Nf4 Qe7 12.Bh3 Nd4 13.d3 O-O 14.Nce2 Nh5 15.Be3 
Nxf4 16.Nxf4 g5 17.Nh5 Rxf1+ 18.Bxf1 Be5 19.Bg2 h6 20.h4 gxh4 21.Bxh6 Kh7 
22.Bf4 Rg8 23.Bxe5 dxe5 24.g4 Rf8 25.Kh2 Qg5 26.Qa4 Qxg4 27.Qd7+ Kh6 28.
Rg1 Rf2 29.Kh1 Nf3 30.Qg7+ Qxg7 31.Nxg7 Nxg1 32.Kxg1 Rxg2+ 33.Kxg2 Kxg7 
34.Kh3 Bc6 35.Kxh4 b5 36.b3 bxc4 37.bxc4 Ba4 38.Kg3 Bc2 0-1